[Event "EU-Cup 22nd"]
[Site "Fuegen"]
[Date "2006.10.13"]
[Round "6.2"]
[White "Jakovenko, Dmitrij"]
[Black "Nijboer, Friso"]
[Result "1-0"]
[WhiteElo "2671"]
[BlackElo "2641"]
[Annotator "Kritz,L"]
[PlyCount "63"]
[EventDate "2006.10.08"]
[EventType "team-swiss"]
[EventRounds "7"]
[EventCountry "AUT"]
[SourceTitle "CBM 115"]
[Source "ChessBase"]
[SourceDate "2006.11.15"]
[SourceVersion "1"]
[SourceVersionDate "2006.11.15"]
[SourceQuality "1"]
[WhiteTeam "Tomsk 400"]
[BlackTeam "Eynatten"]
[WhiteTeamCountry "RUS"]
[BlackTeamCountry "BEL"]

1. e4 c5 2. Nf3 Nc6 3. d4 cxd4 4. Nxd4 Nf6 5. Nc3 d6 6. Bg5 e6 7. Qd2 a6 8.
O-O-O Bd7 9. f3 {Meiner Meinung nach der "agressivste" Zug. Andere
Alternativen sind 9.Kb1 - wird ziemlich selten gespielt, und 9.f4 - die
traditionelle Hauptvariante, die zu einem mehr strategischerem Spiel führt,
als die Partiefortsetzung:} (9. f4 {- die Hauptvariante.}) 9... h6 (9... Rc8
10. Kb1 Be7 (10... Ne5 $6 11. f4 $1 Nc4 $2 12. Bxc4 Rxc4 13. e5 h6 14. Bh4 g5
15. fxg5 Nh7 16. exd6 $18) 11. Nxc6 $5 {Die Tatsache nutzend, dass der Bauer
a6 nicht mehr durch den Turm gedeckt ist und deswegen das Nehmen auf c6 mit
dem Bauer nicht möglich ist.} Bxc6 (11... Rxc6 12. h4 (12. Ne2 Nxe4 13. fxe4
Bxg5 $19) 12... h5 13. Ne2 b5 14. Nd4 Rc8 15. Bd3 $14) (11... bxc6 $2 12. Bxa6
Rb8 13. Bc4 d5 14. Bb3 $16) 12. h4 O-O 13. Ne2 b5 14. Nd4 Bb7 15. g4 Qc7 16.
Bd3 $14) (9... Be7 10. h4 h6 11. Be3 h5 $1 {Schwarz betoniert den Königsflügel
und sperrt Weiß sein Spiel mit g4. Dafür wird das Feld g5 geschwächt und
Schwarz muss in Zukunft ohne kurzen Rochade zurecht kommen.} 12. Bg5 Rc8 13.
Kb1 Ne5 14. Bd3 Qc7 15. Rhe1 $132) 10. Be3 b5 11. Nxc6 $1 {Es ist immer sehr
wichtig, zum richtigen Moment auf c6 zu schlagen. Wenn man ein Zug Zeit
verliert, kann man evtl. unter Druck kommen.} (11. Kb1 Ne5 $1 (11... b4 {
direkter Angriff ist doch noch verfrüht} 12. Nxc6 (12. Nce2 Ne5 $1 13. Qxb4 Rb8
$44 {Die Öffnung der Linien am Damenflügel ist eine gute Kompensation für den
geopferten Bauer!} (13... d5 $2 14. Qe1 dxe4 15. Nc3 Bb4 16. Nb3 $16)) 12...
Bxc6 (12... bxc3 13. Nxd8 cxd2 14. Nb7 $18) 13. Ne2 e5 14. Qxb4 d5 15. Qc3 $1
$16) 12. Bd3 Rc8 $132 {Schwarz hat eigentlich das Maximum erreicht.}) 11...
Bxc6 12. Ne2 Qc7 13. Nd4 (13. Kb1 {ist eine andere Möglichkeit} Bb7 14. h4 Rd8
$1 {eine starke Neuerung von V.Baklan, der sie gegen mich in 2005 spielte, nach
} 15. Rh3 (15. Bd4 $1 {wäre die richtige Reaktion gewesen} d5 (15... e5 16. Bc3
{und falls} d5 $2 {dann} 17. Ba5 $18)) 15... e5 16. g4 d5 $1 {kam Schwarz in
leichten Vorteil.}) 13... Bb7 14. Bd3 (14. g4 e5 15. Nf5 d5 $132) 14... Nd7 (
14... d5 $6 {ganz typische Sache für solche Stellungstypen - diesen Vorstoß
sollte man erst nach Nd7 spielen, sonst scheitert er am} 15. e5 $1 Nd7 (15...
Qxe5 16. Bf4 Qxd4 (16... Qh5 17. h4 $18) 17. Bxb5+ axb5 18. Qxd4 $18) 16. f4
Nc5 17. f5 $16) 15. Kb1 Be7 (15... d5 16. exd5 Bxd5 17. Ne2 $1 Be7 18. Nf4 Bc6
19. Nh5 $1 $14) 16. Rhe1 Ne5 (16... d5 17. exd5 Bxd5 18. Bf4 $16) 17. Qf2 Rc8 (
17... Nxd3 {führt wieder zu einer typischen Stellung, die für Weiß dank dem
starken Zentrum und besserer Königslage Vorteil liefert} 18. cxd3 O-O 19. g4 (
19. Rc1 Qd7 20. Qg3 Kh8 21. Nb3 Rac8 $11) 19... Rfc8 20. h4 $40) 18. Bf1 h5 19.
Bc1 $14 {Weiß steht klar besser, weil Schwarz offensichtlich Schwierigkeiten
mit seinem König haben wird - lange Rochade geht nicht mehr, kurze ist mit dem
Bauer auf h5 dem Selbstmord gleich.} Nc6 20. Nxc6 Qxc6 21. f4 h4 22. Bd3 e5 23.
g4 hxg3 24. hxg3 Bf6 25. Rf1 Qc7 26. Bd2 exf4 27. gxf4 Qc5 28. Qe1 Rh3 29. Bb4
Qe3 30. e5 dxe5 31. Bf5 Rd8 32. Rxd8+ 1-0

[Event "EU-ch 9th"]
[Site "Plovdiv"]
[Date "2008.04.27"]
[Round "7"]
[White "Kritz, Leonid"]
[Black "Nevednichy, Vladislav"]
[Result "1/2-1/2"]
[WhiteElo "2609"]
[BlackElo "2558"]
[Annotator "Kritz,L"]
[PlyCount "87"]
[EventDate "2008.04.21"]
[EventType "swiss"]
[EventRounds "11"]
[EventCountry "BUL"]
[SourceTitle "CBM 124"]
[Source "ChessBase"]
[SourceDate "2008.05.28"]
[SourceVersion "1"]
[SourceVersionDate "2008.05.28"]
[SourceQuality "1"]

1. e4 c5 2. Nf3 d6 3. d4 cxd4 4. Nxd4 Nf6 5. Nc3 Nc6 6. Bg5 e6 7. Qd2 a6 8.
O-O-O Bd7 9. f3 {Es gibt Spieler, die grundsätzlich gegen Sizilianisch
versuchen, Bauern auf e4-f4 zu platzieren. Es gibt auch welche, die fast in
allen aktuellen Varianten einen Aufbau mit e4-f3 und später g4 bevorzugen. Ich
gehöre zu der zweiten Kategorie.} (9. f4 {gilt als die Hauptvariante, aber wo
der weiße Bauer wirklich besser steht - das ist eher eine Geschmackssache.} b5
10. Bxf6 gxf6 (10... Qxf6 11. e5 dxe5 12. Ndxb5 Qd8 13. Nd6+ Bxd6 14. Qxd6 exf4
15. Na4 Qe7 16. Nb6 Qxd6 17. Rxd6 Rd8 18. Nxd7 Na7 19. Rxa6 $16) 11. Kb1 Qb6
12. Nxc6 Bxc6 $132 {Die entstandene Stellung trägt einen sehr strategischen
Charakter und bietet beiden Seiten viele gute Spielmöglichkeiten, gerade das
Gegenteil von 9.f3, wonach das Spiel eher in einer taktischen Spielweise
verläuft.}) 9... b5 (9... Be7 {gilt als Hauptzug.} 10. Be3 h5 {Sonst kommt
Weiß mit g4-g5 sehr schnell voran.} 11. Kb1 Qc7 12. Bd3 $14 {Wegen der
Schwäche h5 kann Schwarz kaum rochieren, steht aber ansonsten sehr solide.})
10. Nxc6 Bxc6 11. Ne2 h6 (11... Rc8 12. Nd4 Bb7 13. Kb1 {führt im Prinzip zu
gleichen Stellungstypen wie in der Partie.}) 12. Be3 Qc7 13. h4 Rc8 14. Nd4 Bb7
15. Bd3 {Der erste wichtige Moment in der Partie. Schwarz kann versuchen, d5
durchzusetzen. Gleich oder nach der Vorbereitung mittels e5.} Nd7 (15... d5 16.
e5 $1 {Ein ganz typischer taktischer Trick für diese Stellung.} Nd7 (16... Qxe5
$4 17. Bf4 Qh5 (17... Qxd4 18. Bxb5+ axb5 19. Qxd4 $18) 18. g4 Nxg4 19. fxg4
Qxg4 20. Rdg1 Qh5 21. Be2 $18) 17. f4 $14 {Weiß hat eine gute Version der
Französischen Verteidigung erwischt, besonders die Schwäche h6 wird sich
später, wenn Schwarz rochiert hat, sehr bemerkbar machen.}) (15... e5 $5 16.
Nf5 d5 (16... g6 17. Nxh6 d5 18. exd5 Nxd5 19. Bg5 $16) 17. exd5 Nxd5 18. h5 $3
{Solche unauffälligen Züge entscheiden sehr oft die Partie. Weiß bringt seinen
Turm über die vierte Reihe ins Spiel und sorgt damit für Unruhen um den
schwarzen König.} Bb4 19. Qf2 Nxe3 (19... O-O $2 20. Bxh6 $18) 20. Qxe3 O-O (
20... Bd5 21. Nxg7+ Kf8 22. Nf5 Bxa2 23. Qe4 $16) 21. Rh4 Bc5 (21... Qc5 22.
Rxb4 $1 Qxb4 23. Qxe5 f6 24. Ne7+ Kh8 (24... Kf7 25. Bg6#) 25. Qf5 $18) 22. Qd2
Kh8 23. Rg4 Qb6 $1 (23... Rg8 24. Nxg7 Qb6 25. Rg6 Be3 26. Rxb6 Bxd2+ 27. Rxd2
Kxg7 28. Rxb7 $18) 24. Rxg7 Be3 25. Nxe3 Kxg7 26. Nf5+ Kh8 27. Nxh6 $16 {
Zwei Bauern für die Qualität und dazu der schlechte schwarze König sichern den
weißen Vorteil.}) 16. Kb1 Ne5 17. Rhe1 (17. g4 d5 $1 {Jetzt kommt Schwarz zu
gutem Spiel, nachdem er d5 durchsetzt.} 18. exd5 Bxd5 19. Bf4 Bc5 $132) (17.
Bxb5+ $2 axb5 18. Nxb5 Qc4 19. Nxd6+ Bxd6 20. Qxd6 Qxc2+ 21. Ka1 Qc7 $17) 17...
Be7 (17... Nc4 18. Bxc4 bxc4 {Solche Bauernstruktur ist normalerweise besser
für Weiß.} 19. Qc3 $1 (19. Ne2 $5 Be7 20. h5 O-O 21. Bd4 $14) 19... Be7 (19...
Rg8 20. h5 Be7 21. Ne2 $16 {Schwarz bleibt für immer mit dem König im Zentrum.}
) 20. Nf5 exf5 21. Qxg7 Kd7 22. exf5 Rce8 23. Qxf7 $16) 18. h5 O-O (18... Bh4
19. Bxb5+ $1 {Jetzt funktioniert das Opfer einwandfrei!} axb5 (19... Ke7 20.
Rh1 $16) 20. Nxb5 Qb8 21. Nxd6+ Kf8 22. Nxc8 Bxc8 23. Bf4 $18) (18... Nxd3 $6 {
Üblicherweise ist das Nehmen auf d3 nur dann gut, wenn Schwarz konkret große
Vorteile erzielen kann. Ansonsten verbessert er nur die weiße Bauernstruktur.}
19. cxd3 O-O 20. g4 $40) 19. g4 $1 {Sieht riskant aus, weil Schwarz sofort
Gegenspiel im Zentrum starten kann, doch ist es praktisch der einzige Plan für
Weiß.} d5 $1 {Prinzipielle Entscheidung! Auf Angriff am Flügel folgt sofort
der Konter im Zentrum.} 20. g5 dxe4 (20... Nxf3 $2 {Nach der Partie hat mein
Gegner gesagt, dass er diesen Zug im Voraus geplant hatte. Schade, dass er ihn
nicht gespielt hat:} 21. Nxf3 dxe4 22. Bf4 Qc5 23. Bxe4 Bxe4 24. Rxe4 Rfd8 25.
Qe2 Rxd1+ 26. Qxd1 hxg5 27. Be3 $16 {Weiß steht mit einem riesigen Vorteil da.}
) (20... Nxd3 {Davor hatte ich während der Partie am meisten Angst, weil Weiß
hier gezwungen wird, eine Figur zu opfern. Doch es scheint alles gut zu sein:}
21. cxd3 e5 (21... hxg5 22. Bxg5 Bc5 23. Nb3 (23. Bf6 Kh7 24. Bxg7 Kxg7 25.
Qg5+ Kh7 26. Nf5 exf5 27. Qxf5+ Kh8 28. Qf6+ Kh7 $11) 23... dxe4 24. fxe4 $14)
22. Nf5 d4 23. gxh6 dxe3 24. Qg2 Bf6 25. Rc1 $1 (25. hxg7 Rfd8 26. h6 Kh7 $15 {
Es ist kein Matt in Sicht.}) 25... Qd7 26. hxg7 Rfd8 27. Rxc8 Qxc8 (27... Qxd3+
28. Ka1 Bxc8 29. Nh6+ Kh7 30. g8=Q+ Rxg8 31. Qxg8+ Kxh6 32. Qxf7 $18) (27...
Rxc8 28. Nh6+ Kh7 29. g8=Q+ Rxg8 30. Qxg8+ Kxh6 31. Rg1 $18 {/\Rg6}) 28. Nh6+
Kh7 29. Nxf7 $18) 21. fxe4 (21. Bxe4 $2 Nc4 22. Qg2 Nxe3 23. Rxe3 Bxg5 $19)
21... Nc4 (21... hxg5 22. Bxg5 $40) 22. Bxc4 {Es ist klar, dass man den
schwarzfeldrigen Laeufer nicht geben darf.} Qxc4 23. Qg2 $1 (23. gxh6 Bxe4 24.
hxg7 (24. Rg1 Bf6 25. Rg4 Bxd4 (25... Qd5 $13) 26. Rxe4 Bxe3 27. Qg2 Qxc2+ 28.
Qxc2 Rxc2 29. Kxc2 Bxh6 $132) 24... Rfd8 $44 {Der schwarze König versteckt
sich sicher hinter den weißen Bauern und die schwarzen Läufer beginnen mit
ihrer "schwarzen" Arbeit.}) 23... hxg5 {Der einzige Zug, sonst kann Schwarz
aufgeben.} (23... Rfd8 24. gxh6 Bf6 25. Bg5 $1 Bxd4 (25... Bxe4 26. Rxe4 Bxg5
27. Qxg5 Qxc2+ 28. Nxc2 Rxd1+ 29. Qc1 Rxc1+ 30. Kxc1 gxh6 31. Kd2 $18) 26. Bxd8
Qb4 (26... Rxd8 27. c3 $18) 27. c3 Bxc3 28. a3 Qa4 29. bxc3 Qb3+ 30. Qb2 Bxe4+
31. Ka1 $18) 24. Bxg5 f6 (24... Bxg5 25. Qxg5 Qc5 26. e5 f6 27. Qg6 Qe7 28. h6
fxe5 29. Rxe5 Qf6 30. Qg3 $18) 25. b3 Qb4 (25... Qc5 26. Nxe6 Qe5 27. Nxf8 Bxf8
(27... fxg5 28. Ng6 $18) 28. Bc1 $18) (25... Qc3 26. Re3 Qb4 27. Bh6 Rf7 28.
Nxe6 $18) 26. Bh6 $2 (26. Bc1 $3 {Damit hätte Weiß die Partie gewonnen! Es
droht 27.h6 oder 27.Nxe6.} f5 (26... Rf7 27. h6 g5 28. Nxe6 Qc3 29. Bb2 Qc6 30.
Nd4 Qd7 31. Qf3 $18) 27. a3 Qa5 (27... Qc5 28. Nxe6 Qe5 29. Bb2 $18) 28. h6 Bf6
(28... Rf7 29. Qg6 $18) 29. hxg7 Rf7 (29... Bxg7 30. Bh6 Rf7 31. Nxe6 $18) 30.
Qh3 Bxg7 31. Nxe6 Qc3 32. Qxc3 Bxc3 33. Rg1+ Kh8 34. Rh1+ Kg8 35. Rdg1+ Bg7 36.
Bb2 Bxe4 37. Rh2 $18) 26... Rf7 27. Nxe6 f5 $1 {Schwarz kontert und nutzt die
Schwäche des Punkts c2 aus. In beiderseitiger Zeitnot kommt es zu einem
taktischen Krimi.} 28. Bxg7 Bxe4 29. Bc3+ $6 {Gibt den Vorteil ganz weg. Die
letzte Chance war 29.Qg6} (29. Qg6 $5 Bxc2+ 30. Kb2 f4 $1 (30... Qg4 31. Rg1 (
31. Bc3+ Qxg6 32. hxg6 Bxd1 33. Rxd1 (33. gxf7+ Kxf7 34. Rxd1 Kxe6 $17) 33...
Rf6 34. Bxf6 Bxf6+ 35. Kb1 Rc6 $11) 31... Qxg6 32. Rxg6 Rxg7 $1 (32... Bxd1 33.
Bf6+ Kh7 34. Ng5#) 33. Rxg7+ Kh8 34. Rd4 $1 (34. Rxe7 Bxd1 35. h6 (35. Ng5 Rc2+
36. Ka3 Rg2 37. Nf7+ Kh7 38. Nd6+ Kg8 39. Nxf5 Bxh5 40. Ra7 b4+ 41. Kxb4 Rxa2
$11) 35... Rc2+ 36. Ka3 a5 37. Ng5 Bh5 38. Re5 b4+ 39. Ka4 Rxa2+ 40. Kb5 $14)
34... Bf6 35. Rg6 Be5 (35... Bxd4+ 36. Nxd4 Be4 37. Rxa6 b4 38. Rb6 f4 39. Re6
Bd3 40. Rf6 $14) 36. Ka3 Bxd4 37. Nxd4 Bd3 38. Kb4 a5+ 39. Kxa5 Ra8+ 40. Kb4
Rxa2 41. Rg3 Be4 42. Rg5 $14) 31. Qh6 Bh7 32. Ka1 $3 (32. Ng5 Rc2+ 33. Ka1
Rxa2+ 34. Kxa2 Qa3#) 32... Rc2 33. Bb2 Rxb2 34. Kxb2 Bf6+ 35. Qxf6 Rxf6 36.
Rg1+ Kf7 (36... Kh8 37. Rd8+ Bg8 38. Rgxg8+ Kh7 39. Rh8#) 37. Ng5+ Kg8 (37...
Ke8 38. Rge1+ Kf8 39. Nxh7+ Kg7 40. Nxf6 Kxf6 41. h6 $18) 38. Rd7 $3 (38. Ne6+
Kf7 39. Ng5+ $11) 38... Bg6 39. Nh7 Rf7 40. Rxg6+ Kh8 41. Nf6 (41. Rxf7 Qd2+
42. Kb1 Qd1+ $11) 41... Qf8 42. Rxf7 Qxf7 43. Rh6+ Kg7 44. Rh7+ Kxf6 45. Rxf7+
Kxf7 46. Kc3 Kg7 47. Kd4 Kh6 48. Ke4 Kxh5 49. Kxf4 $18 {Natürlich ist es
absolut unmöglich, diese Varianten während der Partie zu berechnen.}) 29...
Bxg2 30. Bxb4 Be4 $1 (30... Bxb4 31. Rg1 Kh8 32. Rxg2 $16) (30... Bf3 31. Rg1+
Bg4 (31... Kh8 32. Rd7 $18) 32. Bxe7 Rxe7 33. Rd6 $16) 31. Rd4 Bxc2+ (31...
Bxb4 32. Rg1+ Kh8 33. Rxb4 Bxc2+ 34. Kb2 Be4 35. Rd4 $11) 32. Kb2 $1 {Der
König geht freiwillig in die Fesselung! Sein Glück, dass sein schwarzer
Kollege einen Zug später auf die gleiche Diagonale muss.} (32. Kc1 $2 Bxb4 33.
Rxb4 Bxb3+ $17) 32... Bf6 (32... Bxb4 33. Rg1+ Kh8 34. Rxb4 Be4 35. Rd4 $11)
33. Rg1+ Kh8 34. Bc3 b4 (34... Be4 35. a3 (35. Rd8+ Rxd8 36. Nxd8 Bxc3+ 37.
Kxc3 Rf6 38. Rg6 Rxg6 39. hxg6 Kg7 $17) 35... Kh7 36. Rg6 Rc6 37. Nf8+ $1 Rxf8
(37... Kh8 38. Rxf6 Rfxf6 39. Nd7 Rxc3 40. Kxc3 $11) 38. Rd7+ Kh8 39. Rh6+ Kg8
40. Rg6+ $11) (34... Rxc3 35. Kxc3 Be4 36. Rg6 Be5 37. Kd2 Bxd4 38. Nxd4 f4 39.
Rh6+ Kg7 40. Rd6 $11) 35. Rc4 $2 {Der nächste Fehler, der aber von Schwarz
nicht ausgenutzt wird.} Bxc3+ $2 {Schwarz vergibt Weiß seine Sünde.} (35...
Rxc4 $1 {Auf diese Art verschaffte sich Schwarz einen soliden Endspielvorteil.}
36. Bxf6+ (36. bxc4 Bd3 37. Bxf6+ {->36.Bxf6}) 36... Rxf6 37. bxc4 Bd3 38. Nf4
Bxc4 $15) 36. Kxc2 Re8 (36... Rxc4 37. bxc4 {Schwarz verbleibt mit dem
"falschen" Läufer - jetzt steht Weiß besser, vor allem wegen der Aktivität
seines Königs.} Re7 38. Rg6 $14) 37. Rg6 $2 {Wieder vergibt Weiß seine Chance,
zumindest mal einen kleinen Vorteil zu bekommen. Der Turm stand auf g1 gar
multifunktional - er schnitt nicht nur den König ab, sondern verteidigte auch
die Grundreihe. Man musste den anderen Turm auf die sechste Reihe bringen:} (
37. Rc6 $1 a5 (37... Rd7 38. Rd1 $14) 38. Kd3 $14 {Obwohl, in beiden Fällen
muss Schwarz nur wenige richtige Züge finden, um völlig auszugleichen.}) 37...
Rd7 {Jetzt kann weder Weiß noch Schwarz dem Remis aus dem Wege gehen.} 38. Rf4
Rd2+ 39. Kb1 Rb2+ 40. Kc1 Re2 41. Rh6+ Kg8 42. Rg6+ Kh8 43. Rh6+ Kg8 44. Rg6+
1/2-1/2

[Event "RUS-chT 04th"]
[Site "Azov"]
[Date "1996.??.??"]
[Round "6"]
[White "Bologan, Viktor"]
[Black "Prokopchuk, Evgeny"]
[Result "1-0"]
[WhiteElo "2600"]
[BlackElo "2410"]
[Annotator "Makarichev,S"]
[PlyCount "79"]
[EventDate "1996.??.??"]
[EventType "team-tourn"]
[EventRounds "7"]
[EventCountry "RUS"]
[SourceTitle "CBM 056 Extra"]
[Source "ChessBase"]
[SourceDate "1997.03.01"]
[SourceVersion "1"]
[SourceVersionDate "1997.03.01"]
[SourceQuality "1"]
[WhiteTeam "Kazan Sberbank-Tatarstan"]
[BlackTeam "Noyabrsk Yamal"]
[WhiteTeamCountry "RUS"]
[BlackTeamCountry "RUS"]

1. e4 c5 2. Nf3 d6 3. d4 cxd4 4. Nxd4 Nf6 5. Nc3 Nc6 6. Bg5 e6 7. Qd2 a6 8.
O-O-O h6 9. Be3 Qc7 10. f3 Rb8 11. Kb1 Bd7 12. Bd3 $5 (12. h4 b5 13. Nxc6 Bxc6
14. g4 b4 15. Ne2 e5 16. Ng3 d5 17. g5 hxg5 18. hxg5 Rxh1 19. Nxh1 d4 20. gxf6
dxe3 21. fxg7 exd2 22. g8=Q $16 {Chandler,M-Lanka,Z/Jurmala/1983/}) 12... b5
13. Nxc6 $1 Bxc6 14. h4 Be7 15. Ne2 (15. g4 b4 16. Ne2 Nd7 $132) 15... Nd7 16.
Nd4 Ne5 (16... Ba8 17. g4 $40) 17. Nxc6 Qxc6 18. Bd4 O-O 19. f4 $5 Nc4 20. Bxc4
bxc4 $132 21. Qc3 $1 f6 $8 22. Qh3 $1 (22. e5 $4 fxe5 23. fxe5 d5 $17) 22...
Kf7 (22... e5 $2 23. Qe6+ Rf7 24. fxe5 fxe5 25. Bxe5 Qxe4 26. Rhe1 Qb7 27. Bc3
$16) 23. g4 $6 (23. f5 $4 e5 24. Bc3 Qxe4 $17) (23. Rhe1 $5 $14) 23... e5 (
23... Qxe4 $2 24. Rhe1 Qb7 25. g5 e5 (25... f5 26. g6+ Kg8 $8 27. Rxe6 Bf6 28.
Qc3 Bxd4 29. Qxd4 $16) 26. gxf6 Bxf6 (26... exd4 $2 27. Qe6+ $18) 27. fxe5 dxe5
28. Bxe5 Bxe5 29. Rd7+ $18) 24. Bc3 Qxe4 25. g5 Qxf4 (25... fxg5 $2 26. Rhe1 $1
$16 Qxf4 $140 $4 27. Rf1 $18) 26. Qd7 $5 (26. Rhf1 Qe4) (26. g6+ Kxg6 27. Qe6
Rb7 28. Rdf1 Qe3 29. Rh3 Qe2 30. Rg1+ Kh7 $17) 26... Qf3 $1 (26... Rfd8 $5 27.
Qc6 d5 $1 {xd5} (27... hxg5 $2 28. hxg5 $1 (28. Qd5+ Ke8 $1 (28... Kg6 $2 29.
h5+ $1 Kh7 30. Qf7 Bf8 31. h6 $18) 29. hxg5 (29. Qe6 g4) 29... Kd7 $132 (29...
Qxg5 $2 30. Qe6 $18)) 28... d5 (28... Qxg5 $2 29. Qd5+ $1 Ke8 30. Qe6 $18) 29.
g6+ $1 Kxg6 30. Qe6 $18 {/\Rd1-g1}) 28. Rhf1 Qe3 $1 (28... Qxh4 $2 29. gxf6
gxf6 (29... Bxf6 30. Bxe5 Rbc8 31. Bxf6 $18) 30. Bxe5 Rbc8 31. Qb7 Ke8 32. Bc7
$18) 29. gxf6 gxf6 $132 {/\Qe3xc3}) 27. Ka1 (27. g6+ $6 Kxg6 (27... Kg8 $2 28.
Qe6+ Kh8 29. Qxe7 Rfe8 (29... Qxc3 $2 30. Qxf8+ $18 Rxf8 31. bxc3) 30. Qd7 Red8
31. Qh3 Qxh3 32. Rxh3 $16) 28. Rhg1+ (28. Qxe7 Qxc3 29. Rdg1+ Kh5 $1 $19 (29...
Kf5 $2 30. Qd7+ Ke4 31. Rg4+ Kd5 32. Rd1+ Kc5 33. Qxd6+ Kb5 34. bxc3 $18))
28... Kf7 29. Rxg7+ Kxg7 30. Qxe7+ Kh8 31. Rg1 Rg8 $19) 27... Rb7 $17 28. g6+
Kxg6 29. Qe6 Kh7 30. Rhg1 Qh5 31. Qxc4 $1 $13 f5 32. Qxa6 Rc7 33. Bb4 Rxc2 34.
Bxd6 Bxd6 (34... Rf6 $2 35. Qd3 $16) 35. Qxd6 Qf7 $2 $138 (35... Qe8 $5 36. h5
Rc6 $17 (36... Rf6 $2 37. Rxg7+ Kxg7 38. Rg1+ $18)) 36. Qxe5 $132 Ra8 $2 (36...
Qf6 37. Qxf6 Rxf6 $13) 37. Rxg7+ $1 Qxg7 38. Qxf5+ Qg6 (38... Kh8 39. Qxc2 $18)
39. Rd7+ Kh8 40. Qe5+ $1 $18 (40. Qe5+ Kg8 41. Qd5+ Kh8 42. Qxa8+) 1-0

[Event "EU-ch 12th"]
[Site "Aix les Bains"]
[Date "2011.04.01"]
[Round "10"]
[White "Fedorchuk, Sergey A"]
[Black "Durarbayli, Vasif"]
[Result "1-0"]
[WhiteElo "2662"]
[BlackElo "2510"]
[Annotator "Marchand,A/Primel,D"]
[PlyCount "75"]
[EventDate "2011.03.22"]
[EventType "swiss"]
[EventRounds "11"]
[EventCountry "FRA"]
[SourceTitle "CBM 142 Extra"]
[Source "ChessBase"]
[SourceDate "2011.06.27"]
[SourceVersion "1"]
[SourceVersionDate "2011.06.27"]
[SourceQuality "1"]

1. e4 c5 2. Nf3 d6 3. d4 cxd4 4. Nxd4 Nf6 5. Nc3 {90} Nc6 {91} 6. Bg5 e6 7. Qd2
Be7 (7... a6 8. O-O-O (8. f4 Bd7 (8... h6) 9. Nf3 Qc7 10. Bd3 Be7 11. O-O O-O-O
12. a3 h6 13. Bh4 g5 14. fxg5 Ng4 15. g6 $1) 8... Bd7 (8... h6 9. Be3 Be7 (9...
Nxd4 10. Bxd4 b5 11. Qe3 Bd7 (11... e5 12. Bb6 Qd7 13. f4 {Kovalev,A (2500)
-Serper,G (2420) URS-chT Podolsk 1990 0-1} (13. Ba5 $5 {[%csl Rd6][%cal Ga5b4]
Ruban})) 12. f4 b4 13. Ne2 e5 14. fxe5 Ng4 15. Qg3 Qg5+ 16. Kb1 dxe5 (16...
Nxe5) 17. Bg1 Nf6 18. Qb3 Be7 19. Ng3 {[%csl Gf5]}) (9... Bd7 10. f4 Rc8 11.
Kb1 b5 12. Bd3 Ng4 13. Bg1 Nxd4 14. Bxd4 e5 15. Bg1 exf4 16. Nd5 $14) 10. f4
Nxd4 11. Bxd4 b5 12. Bd3 b4 13. Na4 Rb8 14. e5 Nd5 15. Bc4 (15. g3 Qa5 16. exd6
Bxd6 17. b3 Bd7 $15 {Dvoiris}) 15... O-O 16. Qf2 {Dvoirys,S (2440)-Kovalev,A 
(2440) URS-ch FL56 Simferopol 1988 1-0}) 9. f4 Be7 (9... b5 10. Bxf6 (10. Nxc6
Bxc6 11. Bd3 Be7 (11... b4 12. Ne2 Qb6 13. Ng3 $14 {Boleslavsky}) 12. e5 dxe5
13. fxe5) 10... gxf6 11. Nxc6 (11. Kb1 Qb6 12. Nce2 O-O-O 13. f5 Nxd4 14. Nxd4
e5 15. Ne2 d5 16. Nc3 d4 17. Nd5 Qc6 18. Bd3 h5 19. Qa5 $36) (11. Qe1 Be7)
11... Bxc6 12. Qe3 {[%cal Gc3d5,Ge3e8]} Qe7 13. Bd3 Qa7 14. Qh3 b4 15. Ne2 Qc5
16. f5 e5 17. Ng3 a5 18. Nh5 (18. Kb1 Ke7 19. Nh5 Rg8 (19... Bh6 $2 20. Nxf6)
20. Qh4 $36) 18... Bh6+ {Ljubojevic,L (2620)-Gheorghiu,F (2540) Manila
Interzonal 1976 (14) 0-1}) 10. Nf3 b5 11. Bxf6 Bxf6 12. Qxd6 Be7 13. Qd2 b4 14.
Na4 Nb8 15. Qd4 Qc7 16. Nb6 Ra7 17. Qxg7 (17. f5 $1 {Keres}) 17... Qxf4+ 18.
Kb1 Bf6 {Roser,K (2436)-Shirazi,K (2369) Syre Memorial op 34th 2011 (5) 1-0})
8. O-O-O a6 (8... O-O 9. Nb3 a5 10. a3 h6 11. Bxf6 Bxf6 12. Qxd6 Qxd6 13. Rxd6
a4 14. Nd2 Be7 15. Rd3 Ne5 16. Rd4 Ng4 17. Bb5 Nxf2 18. Re1) 9. f4 Nxd4 (9...
Bd7 {La grande ligne}) 10. Qxd4 {84} b5 {93} (10... Qa5 11. e5 dxe5 12. fxe5
Nd5 13. Bxe7 Nxe7 14. Bd3 Nc6 15. Qh4 Nxe5 16. Ne4 f6 17. Rhf1 Qc7 18. Nxf6+) (
10... O-O) 11. Bxf6 gxf6 12. Kb1 ({RR} 12. Be2) (12. e5) (12. f5 {[%csl Rf6]})
12... Qc7 13. f5 $1 {[%csl Rf6]} Qc5 14. Qd2 {Comme souvent dans une siclienne
ouverte, l'échange des Q soulagerait les Noirs} Bb7 15. Bd3 {72} O-O-O $146 {
73 Une préparation maison car les Noirs ont joué vite l'ouverture mais le K
Noir est un peu exposé а l'aile-dame} (15... b4 {Jakovenko,D (2726)-Kononenko,
D (2582) EU-Cup 26th Plovdiv 2010 (5.1) 1/2}) 16. Rhf1 {68} Kb8 {73} 17. Qe1
Qe5 $1 $132 {[%csl Ge5]} 18. Ne2 {61} Rdg8 {[%cal Gh7h5] 66} 19. Nf4 {[%csl
Re6,Rf6][%cal Gf4h5]} h5 {66} 20. Qf2 {[%cal Gf2b6] 48} h4 {64} 21. Be2 {31}
Bd8 {[%csl Gb6] 63 Une précaution indispensable pour menacer de prendre le
P"e4"} (21... Bxe4 $2 22. fxe6 fxe6 23. Bf3 Qxf4 24. Qb6+ Kc8 25. Qxa6+ Kc7 26.
Qa7+) 22. h3 $5 {12 Après une longue réflexion, les Blancs jouent un coup
risqué} Bxe4 {48} 23. Bd3 {12} Qxf5 {43} (23... exf5 {La structure est trés
laide mais les Noirs tiennent bien la case "e4"}) 24. Bxe4 Qxe4 25. Rxd6 {08}
Bc7 {36} 26. Rxa6 $36 {[%csl Ga6,Rb8,Rg8,Rh8]} Qb7 27. Ra3 {06} Rg5 28. Rb3 Rf5
29. Qe2 Re5 30. Qd2 Rd8 31. Nd3 f5 32. a3 Re4 33. Qg5 {[%csl Rh4]} Rc4 34. Qe7
Qxg2 35. Rxb5+ {[%csl Ga3][%cal Ga3a8]} Kc8 36. Rc1 Qxh3 $4 (36... Qc6 37. Rb3
(37. Rb4)) 37. Ne5 Rcd4 38. Nc6 1-0